00549nam a22001937a 450000500170000000800410001704000070005804100120006508200200007710000240009724500280012126000460014930000330019536500280022844000310025665000130028765000290030070000260032920221109111809.0221109b ||||| |||| 00| 0 eng d cAL aEnglish 223a294.5bRAOW aT S Ramachandra Rao aWords of Englightenment aTumkurbSree Siddaganga Prakasahanac2008 axx,107 p.bPBc21.5x13.7 cm. b₹80.00c₹d₹80.00 aJnana Dasoha Manimaale-103 aReligion aSree Shivakumara Swamiji aRAO (Ramachandra T S)